| 000 | 00368 a2200145 4500 | ||
|---|---|---|---|
| 999 |
_c8438 _d8438 |
||
| 020 | _a033358404X | ||
| 050 | _aPL8745 NET 1995 | ||
| 100 |
_aNetshirando, Maswole _eauthor |
||
| 245 |
_aNthu Fuke? / _cMaswole Netshirando |
||
| 264 |
_aManzini: _bMacmillan., _c1995 |
||
| 300 | _a73 pages | ||
| 500 | _ano index | ||
| 650 | _avenda drama | ||
| 942 |
_2lcc _cBK _h8745 _iNET _kPL |
||